Luật phòng, chống thiên tai năm 2013 và văn bản hướng dẫn thi hành

Giới thiệu nội dung chính của Luật phòng, chống thiên tai năm 2013 và Nghị định số 66/2014 qui định chi tiết một số điều của Luật phòng, chống thiên tai

Spremljeno u:
Bibliografski detalji
Jezik:Undetermined
Izdano: Hà Nội Chính trị Quốc gia - Sự thật 2014
Teme:
Oznake: Dodaj oznaku
Bez oznaka, Budi prvi tko označuje ovaj zapis!
Thư viện lưu trữ: Trung tâm Học liệu Trường Đại học Trà Vinh
LEADER 00796nam a2200217Ia 4500
001 TVU_21987
008 210423s9999 xx 000 0 und d
020 |a 9786045710012 
041 |a Vie 
082 |a 344.59705348 
082 |b L504 
245 0 |a Luật phòng, chống thiên tai năm 2013 và văn bản hướng dẫn thi hành 
260 |a Hà Nội 
260 |b Chính trị Quốc gia - Sự thật 
260 |c 2014 
300 |a 107 tr. 
300 |c 21 cm 
504 |a Phụ chú: tr.107 
520 |a Giới thiệu nội dung chính của Luật phòng, chống thiên tai năm 2013 và Nghị định số 66/2014 qui định chi tiết một số điều của Luật phòng, chống thiên tai 
650 |a Thiên tai 
980 |a Trung tâm Học liệu Trường Đại học Trà Vinh